The American family in the twentieth century.

Bibliographic Details
Main Author: Sirjamaki, John, 1911-
Format: Book
Language:English
Published: Cambridge : Harvard University Press, 1953.
Series:Library of Congress series in American civilization.
Subjects:

MARC

Tag First Indicator Second Indicator Subfields
LEADER 00000cam a2200000 4500
001 in00000049506
005 20151007071744.0
008 720309s1953 mau b 00000 eng
010 |a  53006035  
035 |a (OCoLC)00259864 
035 |9 AAE6580AM 
040 |a DLC  |c WSU  |d OCL  |d TXA  |d UtOrBLW 
049 |a TXAM  |c 1 [908259]  |c 2 [222626] 
050 0 |a HQ535  |b .S5 
082 0 |a 392  |a 301.42* 
100 1 |a Sirjamaki, John,  |d 1911- 
245 1 4 |a The American family in the twentieth century. 
264 1 |a Cambridge :  |b Harvard University Press,  |c 1953. 
300 |a viii, 227 pages ;  |c 22 cm. 
336 |a text  |b txt  |2 rdacontent 
337 |a unmediated  |b n  |2 rdamedia 
338 |a volume  |b nc  |2 rdacarrier 
490 1 |a The Library of Congress series in American civilization 
504 |a Biographical references included in "Notes" (pages [201]-218). 
650 0 |a Families  |z United States. 
650 0 |a Marriage  |z United States. 
651 0 |a United States  |x Social conditions. 
830 0 |a Library of Congress series in American civilization. 
999 |a MARS 
999 f f |s fae92f8f-5097-3990-bdf0-c2e1553c19df  |i f55f6d3e-bcf6-3ef5-ad80-b652cc48cb84  |t 0 
952 f f |p normal  |a Texas A&M University  |b College Station  |c Sterling C. Evans Library  |d Evans: Library Stacks  |t 0  |e HQ535 .S5  |h Library of Congress classification  |i unmediated -- volume  |m A14802958078 
998 f f |a HQ535 .S5  |t 0  |l Evans: Library Stacks